000
00320nam a2200133Ia 4500
008
240624s9999 xx 000 0 und d
041
_a
eng
082
_a
658.15 MAD
100
_a
MADDEN BARTLEY
245
_a
CFROI VALUATION
260
_c
1999
_a
Burlington
_b
Butterworth-Heinemann
300
_a
356 : p.
365
_c
_b
30
999
_c
28701
_d
28701